00928nam a2200253 a 4500003000900000005001700009007000300026008004100029020001800070040002500088082001400113245005700127260003900184300002000223500007500243590002700318650004600345650004300391710005800434910001100492942001400503952014000517999001700657DO-SdBNP20250115124320.0ta220520e2013 dr ||||gr|||| 001 pdspa d a9789945475760 aDO-SdBNPbspacBNPHU 4222bR466u10aEl Último refugiocLeyddy Dhiana Reynoso Caraballo aSanto Domingo :bRumbo Este,c2013 a60 p. ;c23 cm. a Incluye datos biográficos de la autora en la solapa de la cubierta. aInventariado 2022 / MF 4aLiteraturazRepública Dominicana980984 4981340aLiteratura dominicanavPoesía1 aRepública Dominicana.bMinisterio de Cultura971794 aMFeliz 2ddccLBS1 00102ddc51708PDaBNPHUbBNPHUcHDd2012-08-26eDonado por Aime Flores Jiminiánl0oR466up2022-2252r2022-05-20w2022-05-20yLBS1 c51770d51770